Normal view
MARC view
- Kalbande, S R
Entry Personal Name
001 - CONTROL NUMBER
- control field: 165
003 - CONTROL NUMBER IDENTIFIER
- control field: OSt
005 - DATE AND TIME OF LATEST TRANSACTION
- control field: 20141210123903.0
008 - FIXED-LENGTH DATA ELEMENTS
- fixed length control field: 141210|| aca||aabn | a|a d
040 ## - CATALOGING SOURCE
- Original cataloging agency: OSt
- Transcribing agency: OSt
100 ## - HEADING--PERSONAL NAME
- Personal name: Kalbande, S R
670 ## - SOURCE DATA FOUND
- Source citation: Work cat.: (OSt): Kalbande, S R Gangde, C N , Bioenergy in 21st Century, 2012
